| 000 | 00742nam a2200229 a 4500 | ||
|---|---|---|---|
| 008 | |||
| 049 | _aMAIN | ||
| 090 |
_aQA276.6 _bSNE |
||
| 100 | 1 | _aSnedecor, George Waddel. | |
| 245 | 1 | 0 |
_aStatistical methods applied to experiments in agriculture and biology / _cby George W. Snedecor ; with chapter 17 on sampling by William G. Cochran. |
| 250 | _a5th ed. | ||
| 260 |
_aAmes : _bIowa State College Press, _c1956. |
||
| 300 |
_a534 p. : _bill. ; _c24 cm. |
||
| 650 | 0 | _aStatistics. | |
| 650 | 0 |
_aAgriculture _vStatistics. |
|
| 650 | 0 |
_aBiology _vStatistics. |
|
| 907 |
_a.b10012084 _b21-03-12 _c17-04-03 |
||
| 003 | |||
| 005 | 20230123133441.0 | ||
| 040 | _cNUST | ||
| 942 |
_cBOOKS _kQA276.6 _mSNE |
||
| 999 |
_c148804 _d148804 |
||